[Event "POL-ch U13 Girls Qual"]
[White "Opalka, Marta"]
[Black "Walerjan, Ada"]
[Site "Jastrzebia Gora"]
[Round "4"]
[Result "1-0"]
[Date "2021.11.17"]
[WhiteElo "1142"]
[BlackElo "1045"]
[PlyCount "53"]
[EventDate "2021.11.15"]
[EventType "swiss"]
[EventRounds "9"]
[EventCountry "POL"]
[SourceTitle "EXT 2023"]
[Source "ChessBase"]
[SourceDate "2022.10.05"]
[SourceVersion "1"]
[SourceVersionDate "2022.10.05"]
[SourceQuality "1"]

1. d4 d5 2. c4 e6 3. Nc3 Nf6 4. Bg5 Be7 5. e3 Nbd7 6. Nf3 h6 7. Bxf6 Nxf6 8. Qc2 0-0 9. cxd5 exd5 10. Bd3 Re8 11. 0-0-0 Bg4 12. Rdg1 Bxf3 13. gxf3 c5 14. Kb1 cxd4 15. exd4 a6 16. Rg2 Nh5 17. Bg6 fxg6 18. Qxg6 Bf6 19. Qxh5 Bxd4 20. Qxh6 Re7 21. Rhg1 b5 22. Rg4 Bxc3 23. bxc3 Raa7 24. Rh4 Qf8 25. Qh8+ Kf7 26. Rf4+ Ke6 27. Qxf8 1-0

[Event "POL-ch U13 Girls Qual"]
[White "Opalka, Marta"]
[Black "Kicinska, Anna"]
[Site "Jastrzebia Gora"]
[Round "3"]
[Result "0-1"]
[Date "2021.11.16"]
[WhiteElo "1142"]
[BlackElo "1238"]
[PlyCount "118"]
[EventDate "2021.11.15"]
[EventType "swiss"]
[EventRounds "9"]
[EventCountry "POL"]
[SourceTitle "EXT 2023"]
[Source "ChessBase"]
[SourceDate "2022.10.05"]
[SourceVersion "1"]
[SourceVersionDate "2022.10.05"]
[SourceQuality "1"]

1. Nf3 c5 2. c4 Nc6 3. Nc3 Nf6 4. d4 cxd4 5. Nxd4 d6 6. e4 g6 7. Be2 Bg7 8. Be3 0-0 9. 0-0 Bd7 10. h3 Rc8 11. Qd2 Re8 12. Rac1 Ne5 13. b3 a6 14. f4 Nc6 15. f5 Ne5 16. Kh1 Bc6 17. Bf3 Nfd7 18. fxg6 hxg6 19. Nd5 Nf6 20. Nb6 Qxb6 21. Ne6 Qxe3 22. Qxe3 fxe6 23. Rce1 Rcd8 24. Qc3 b5 25. g4 bxc4 26. bxc4 Rc8 27. g5 Nfd7 28. Qa3 Nc5 29. Rc1 Nxf3 30. Rxf3 Bxe4 31. Kg1 Bxf3 32. Qxf3 Rf8 33. Qe3 Rf5 34. Rf1 Rxf1+ 35. Kxf1 Rf8+ 36. Ke2 Rf5 37. Kd2 Re5 38. Qf3 Re4 39. Qg2 Rxc4 40. Qa8+ Bf8 41. Qe8 Kg7 42. Qb8 e5 43. Qb2 Rf4 44. Ke3 Rh4 45. Qg2 Ne6 46. Qg3 Ra4 47. Kd2 Rxa2+ 48. Kc1 Nd4 49. Kb1 Ra5 50. Qh4 Nf5 51. Qe1 Ra3 52. Qf1 a5 53. Kb2 Rg3 54. h4 Nxh4 55. Qe1 Nf5 56. Qd2 a4 57. Ka2 Rf3 58. Qe2 Rf4 59. Qd2 Rh4 0-1

[Event "POL-ch U12 Girls"]
[White "Opalka, Marta"]
[Black "Kicinska, Anna"]
[Site "Uniejow"]
[Round "4"]
[Result "0-1"]
[Date "2021.07.21"]
[WhiteElo "1215"]
[BlackElo "1149"]
[PlyCount "73"]
[EventDate "2021.07.18"]
[EventType "swiss"]
[EventRounds "9"]
[EventCountry "POL"]
[SourceTitle "EXT 2022"]
[Source "ChessBase"]
[SourceDate "2021.10.06"]
[SourceVersion "1"]
[SourceVersionDate "2021.10.06"]
[SourceQuality "1"]

1. Nf3 c5 2. c4 Nc6 3. e3 Nf6 4. Nc3 g6 5. d4 cxd4 6. exd4 d5 7. Be2 Bg7 8. 0-0 0-0 9. Be3 e6 10. Rc1 a6 11. Qd2 Re8 12. Rfd1 Qd7 13. Ne5 Qd8 14. Nf3 dxc4 15. Bxc4 Bd7 16. Bh6 Bh8 17. Ne5 b5 18. Be2 Rc8 19. Qf4 Qe7 20. h4 Nd5 21. Nxc6 Bxc6 22. Nxd5 exd5 23. Bg4 Bd7 24. Bxd7 Qxd7 25. h5 Re2 26. Qd6 Qe8 27. Rxc8 Qxc8 28. Qxd5 Qe8 29. Kf1 Re4 30. Qd6 Bxd4 31. f3 Rh4 32. Qf8+ Qxf8 33. Bxf8 Rh1+ 34. Ke2 Rxd1 35. Kxd1 Kxf8 36. hxg6 hxg6 37. b3 0-1